[Event "Wroclaw op"]
[Site "Wroclaw"]
[Date "2018.08.02"]
[Round "6"]
[White "Orzechowski, Jacek"]
[Black "Riedel, Hartmut"]
[Result "1-0"]
[WhiteElo "2109"]
[BlackElo "1920"]
[PlyCount "83"]
[EventDate "2018.07.30"]
[EventType "swiss"]
[EventRounds "9"]
[EventCountry "POL"]
[SourceTitle "CBM 185 Extra"]
[Source "ChessBase"]
[SourceDate "2018.07.29"]
[SourceVersion "1"]
[SourceVersionDate "2018.07.29"]
[SourceQuality "1"]

1. Nf3 Nf6 2. c4 g6 3. Nc3 Bg7 4. g3 0-0 5. Bg2 d6 6. 0-0 Nc6 7. d3 e5 8. Rb1 a5 9. a3 Re8 10. Bg5 h6 11. Bxf6 Bxf6 12. b4 axb4 13. axb4 Ra3 14. Nb5 Ra8 15. Nc3 Bg7 16. b5 Nd4 17. Nxd4 exd4 18. Nd5 Ra2 19. Bf3 h5 20. b6 cxb6 21. Rxb6 h4 22. Rb1 Bh6 23. Qb3 Ra6 24. Ra1 Rxa1 25. Rxa1 Qg5 26. Qb6 Qe5 27. Nc7 Rf8 28. Ra5 Qe7 29. Nd5 Qg5 30. Nf4 Qe7 31. Nd5 Qg5 32. Ra1 Qd2 33. Ne7+ Kg7 34. Qxd4+ f6 35. Nxc8 Rxc8 36. Qxd6 Rf8 37. Rb1 Rf7 38. Qb4 Qg5 39. Bd5 Rd7 40. Qb5 Re7 41. Bf3 Qd2 42. Qb4 1-0

[Event "Wroclaw op"]
[Site "Wroclaw"]
[Date "2018.07.31"]
[Round "2"]
[White "Boettcher, Patrick"]
[Black "Riedel, Hartmut"]
[Result "1/2-1/2"]
[WhiteElo "2078"]
[BlackElo "1920"]
[PlyCount "61"]
[EventDate "2018.07.30"]
[EventType "swiss"]
[EventRounds "9"]
[EventCountry "POL"]
[SourceTitle "CBM 185 Extra"]
[Source "ChessBase"]
[SourceDate "2018.07.29"]
[SourceVersion "1"]
[SourceVersionDate "2018.07.29"]
[SourceQuality "1"]

1. e4 c5 2. Nf3 e6 3. d4 cxd4 4. Nxd4 a6 5. Bd3 Qc7 6. 0-0 Nc6 7. Nxc6 dxc6 8. Be3 e5 9. Nc3 Nf6 10. Na4 Nd7 11. c4 b5 12. cxb5 axb5 13. Nc3 Bc5 14. Qd2 0-0 15. a4 bxa4 16. Nxa4 Bxe3 17. Qxe3 Ba6 18. Rfc1 Qb7 19. g3 h6 20. Kg2 Bb5 21. b3 Ra5 22. Bc4 Rfa8 23. Nc5 Nxc5 24. Rxa5 Rxa5 25. Qxc5 Qb8 26. Qe7 Bxc4 27. Rxc4 Ra7 28. Rb4 Rxe7 29. Rxb8+ Kh7 30. Rc8 Rb7 31. Rxc6 1/2-1/2

[Event "Oberliga Bayern 0405"]
[Site "Bayern"]
[Date "2005.01.30"]
[Round "6.8"]
[White "Berreth, Marc"]
[Black "Riedel, Hartmut"]
[Result "0-1"]
[WhiteElo "2001"]
[BlackElo "2132"]
[PlyCount "78"]
[EventDate "2004.10.24"]
[EventType "team-tourn"]
[EventRounds "9"]
[EventCountry "GER"]
[SourceTitle "EXT 2020"]
[Source "ChessBase"]
[SourceDate "2019.10.17"]
[SourceVersion "1"]
[SourceVersionDate "2019.10.17"]
[SourceQuality "1"]
[WhiteTeam "Forchheim SC II"]
[BlackTeam "Zirndorf"]
[WhiteTeamCountry "GER"]
[BlackTeamCountry "GER"]

1. d4 d5 2. Nf3 e6 3. c4 f5 4. Nc3 c6 5. Bf4 Nf6 6. e3 Be7 7. Bd3 0-0 8. Qc2 Ne4 9. g4 Nxc3 10. bxc3 Nd7 11. gxf5 dxc4 12. Bxc4 Nb6 13. Bb3 Nd5 14. Be5 Rxf5 15. Rg1 Bf6 16. Bxf6 Rxf6 17. Ng5 Rg6 18. h4 b5 19. 0-0-0 a5 20. Nxh7 Rh6 21. Ng5 a4 22. Bxd5 exd5 23. Rg3 Qf8 24. Rdg1 Bf5 25. e4 dxe4 26. Nxe4 Ra7 27. f3 Rxh4 28. Qd2 Bxe4 29. fxe4 Rxe4 30. Qg2 Rae7 31. Rf3 Qe8 32. Rf2 Re1+ 33. Rxe1 Rxe1+ 34. Kb2 Qe3 35. Rc2 Qe6 36. Rf2 b4 37. Qg3 a3+ 38. Kc2 Qxa2+ 39. Kd3 Rd1+ 0-1

[Event "Oberliga Bayern 0405"]
[Site "Bayern"]
[Date "2004.12.12"]
[Round "4.8"]
[White "Jussupow, Nadejda"]
[Black "Riedel, Hartmut"]
[Result "0-1"]
[WhiteElo "2001"]
[BlackElo "2132"]
[PlyCount "150"]
[EventDate "2004.10.24"]
[EventType "team-tourn"]
[EventRounds "9"]
[EventCountry "GER"]
[SourceTitle "EXT 2020"]
[Source "ChessBase"]
[SourceDate "2019.10.17"]
[SourceVersion "1"]
[SourceVersionDate "2019.10.17"]
[SourceQuality "1"]
[WhiteTeam "Krumbach"]
[BlackTeam "Zirndorf"]
[WhiteTeamCountry "GER"]
[BlackTeamCountry "GER"]

1. e4 e6 2. d3 d5 3. Nd2 c5 4. Ngf3 Nc6 5. g3 Be7 6. Bg2 Nf6 7. 0-0 0-0 8. Re1 dxe4 9. dxe4 e5 10. c3 h6 11. Qc2 Be6 12. Bf1 Qc7 13. a4 Na5 14. b3 Rac8 15. Nc4 Nxc4 16. Bxc4 Bxc4 17. bxc4 Rcd8 18. Nh4 Rfe8 19. Nf5 Bf8 20. Ne3 Qc8 21. Nd5 Nxd5 22. cxd5 c4 23. Be3 Bc5 24. Bxc5 Qxc5 25. Rab1 b6 26. Rb5 Qc7 27. Qe2 Rd6 28. Rb4 Rc8 29. Rd1 a6 30. Qe3 Kh7 31. Kg2 Rf8 32. Rdb1 Rb8 33. f4 exf4 34. Qxf4 Qc5 35. Qf2 Qc7 36. Qd4 Qd7 37. Qxc4 Qg4 38. Qd3 Qg6 39. Qd4 a5 40. R4b2 Qg4 41. Rf1 Qd7 42. Rb5 f6 43. Rfb1 Qg4 44. Qd3 Qg6 45. c4 Re8 46. Re1 Re5 47. Qd4 h5 48. c5 Rdxd5 49. exd5 Rxe1 50. Kf2 Re4 51. Qd1 Qf5+ 52. Kg2 Qe5 53. cxb6 Re2+ 54. Kf1 Rxh2 55. Qd3+ g6 56. Kg1 Re2 57. b7 Qa1+ 58. Rb1 Qa2 59. Qxe2 Qxb1+ 60. Kg2 Qxb7 61. Qc4 Qb2+ 62. Kf3 g5 63. Qc7+ Kg6 64. Qxa5 g4+ 65. Ke3 Qe5+ 66. Kd3 Qxg3+ 67. Kc4 Qf4+ 68. Kc5 g3 69. Qa8 Qc7+ 70. Kd4 Qe5+ 71. Kc4 Qf4+ 72. Kc5 Qc7+ 73. Kd4 g2 74. Qe8+ Kg7 75. Qc6 g1Q+ 0-1

[Event "Oberliga Bayern 0203"]
[Site "Bayern"]
[Date "2003.02.23"]
[Round "7.7"]
[White "Zahn, Wolfgang"]
[Black "Riedel, Hartmut"]
[Result "1-0"]
[WhiteElo "2189"]
[BlackElo "2144"]
[PlyCount "79"]
[EventDate "2002.10.20"]
[EventType "team"]
[EventRounds "9"]
[EventCountry "GER"]
[SourceTitle "EXT 2004"]
[Source "ChessBase"]
[SourceDate "2003.11.25"]
[SourceVersion "1"]
[SourceVersionDate "2003.11.25"]
[SourceQuality "1"]
[WhiteTeam "Pasing"]
[BlackTeam "Zirndorf"]
[WhiteTeamCountry "GER"]
[BlackTeamCountry "GER"]

1. e4 e6 2. d4 d5 3. e5 c5 4. c3 Nc6 5. Nf3 f6 6. Bd3 cxd4 7. cxd4 Qc7 8. 0-0 Bd7 9. Nc3 a6 10. Re1 0-0-0 11. a3 Kb8 12. Bf4 Nge7 13. Bg3 f5 14. Ng5 Rc8 15. Nf7 Rg8 16. Nd6 g5 17. Nxc8 Bxc8 18. f3 h5 19. Bf2 Ng6 20. Rc1 g4 21. Kh1 Qg7 22. Bf1 Qh7 23. b4 h4 24. fxg4 fxg4 25. Be3 Nce7 26. Bd3 h3 27. g3 Nf5 28. Bf2 Bh6 29. Rc2 Nge7 30. b5 axb5 31. Nxb5 Nc6 32. Qe2 Qf7 33. Rb1 Qd7 34. Kg1 Bf8 35. Rcb2 Qf7 36. Qc2 Bd7 37. Bxf5 exf5 38. Nd6 Bxd6 39. Rxb7+ Kc8 40. exd6 1-0

[Event "Oberliga Bayern 0203"]
[Site "Bayern"]
[Date "2002.12.15"]
[Round "3.6"]
[White "Linhart, Wolfgang"]
[Black "Riedel, Hartmut"]
[Result "0-1"]
[WhiteElo "2170"]
[BlackElo "2144"]
[PlyCount "80"]
[EventDate "2002.10.20"]
[EventType "team"]
[EventRounds "9"]
[EventCountry "GER"]
[SourceTitle "EXT 2004"]
[Source "ChessBase"]
[SourceDate "2003.11.25"]
[SourceVersion "1"]
[SourceVersionDate "2003.11.25"]
[SourceQuality "1"]
[WhiteTeam "Passau"]
[BlackTeam "Zirndorf"]
[WhiteTeamCountry "GER"]
[BlackTeamCountry "GER"]

1. Nf3 e6 2. g3 d5 3. Bg2 Bd6 4. d3 Nd7 5. e4 Ngf6 6. Nbd2 0-0 7. 0-0 c6 8. Qe2 dxe4 9. dxe4 e5 10. b3 Re8 11. Bb2 Qc7 12. Nc4 Bc5 13. a4 b5 14. Ncd2 a5 15. c4 b4 16. Rad1 Nf8 17. h3 Ng6 18. Rfe1 Bd7 19. Nf1 Rad8 20. Rd3 Bc8 21. Red1 Rxd3 22. Qxd3 Nd7 23. Ne3 Ndf8 24. Qe2 Ne6 25. Nf5 f6 26. h4 Ne7 27. Bh3 g6 28. Nh6+ Kf8 29. Nxe5 Nd4 30. Bxd4 Bxd4 31. Bxc8 Qxe5 32. Qf3 Rxc8 33. Ng4 Qc5 34. Nxf6 Kg7 35. Nd7 Qd6 36. Qg4 Rd8 37. Kg2 Qxd7 38. Qe2 c5 39. f4 Qe6 40. Kh2 h5 0-1

[Event "Oberliga Bayern 0102"]
[Site "Bayern"]
[Date "2002.01.20"]
[Round "4.8"]
[White "Riedel, Hartmut"]
[Black "Graf, Christian"]
[Result "0-1"]
[WhiteElo "2210"]
[BlackElo "2075"]
[PlyCount "142"]
[EventDate "2001.10.07"]
[EventType "team"]
[EventRounds "9"]
[EventCountry "GER"]
[SourceTitle "EXT 2003"]
[Source "ChessBase"]
[SourceDate "2002.11.25"]
[SourceVersion "1"]
[SourceVersionDate "2002.11.25"]
[SourceQuality "1"]
[WhiteTeam "Zirndorf"]
[BlackTeam "Rosenheim Pang"]
[WhiteTeamCountry "GER"]
[BlackTeamCountry "GER"]

1. d4 d5 2. Nf3 Nf6 3. Bf4 Bf5 4. e3 e6 5. Be2 Be7 6. 0-0 0-0 7. h3 h6 8. c4 c6 9. Nc3 Nbd7 10. Rc1 Qb6 11. Na4 Qa5 12. Nc3 Qb6 13. Qb3 Qxb3 14. axb3 Ne4 15. c5 a6 16. b4 Rac8 17. Nxe4 Bxe4 18. Nd2 Bf5 19. Nb3 Bd8 20. Na5 Bxa5 21. bxa5 Nf6 22. f3 Ne8 23. g4 Bg6 24. Rc3 Nc7 25. Bxc7 Rxc7 26. Kf2 f6 27. Kg3 e5 28. dxe5 fxe5 29. Rcc1 Re7 30. Rcd1 Kh8 31. Rd2 Bh7 32. Bd1 Ref7 33. f4 exf4+ 34. Rxf4 Rxf4 35. exf4 Be4 36. h4 Kg8 37. Rd4 Re8 38. Rd2 Kf8 39. g5 Re7 40. Bg4 Kf7 41. f5 Bb1 42. Bh5+ Kf8 43. f6 gxf6 44. gxf6 Re3+ 45. Kg2 Re5 46. Bg4 Bf5 47. Re2 Rxe2+ 48. Bxe2 Kf7 49. Kf3 Kxf6 50. Ke3 Ke5 51. b4 d4+ 52. Kd2 Kf4 53. Bf1 Kg3 54. h5 Kf4 55. Bg2 Kg4 56. b5 axb5 57. a6 bxa6 58. Bxc6 b4 59. Ba4 Kxh5 60. Be8+ Kg5 61. c6 b3 62. Bd7 Be4 63. c7 Bb7 64. c8Q Bxc8 65. Bxc8 a5 66. Be6 a4 67. Kd3 Kf6 68. Bd5 Ke5 69. Bf7 h5 70. Ke2 h4 71. Kf3 Kd6 0-1

[Event "Landesliga Nord 9900"]
[Site "Bayern"]
[Date "2000.04.09"]
[Round "9.6"]
[White "Riedel, Hartmut"]
[Black "Link, Klaus"]
[Result "1-0"]
[WhiteElo "2195"]
[BlackElo "1975"]
[PlyCount "91"]
[EventDate "1999.10.10"]
[EventType "team-tourn"]
[EventRounds "9"]
[EventCountry "GER"]
[SourceTitle "EXT 2020"]
[Source "ChessBase"]
[SourceDate "2019.10.17"]
[SourceVersion "1"]
[SourceVersionDate "2019.10.17"]
[SourceQuality "1"]
[WhiteTeam "Zirndorf"]
[BlackTeam "Obernburg"]
[WhiteTeamCountry "GER"]
[BlackTeamCountry "GER"]

1. d4 d5 2. Nf3 Nf6 3. g3 g6 4. Bg2 Bg7 5. 0-0 0-0 6. c4 dxc4 7. Nc3 c6 8. Ne5 Nbd7 9. Nxc4 Nb6 10. Ne5 Be6 11. e3 Rc8 12. Nd3 Nbd5 13. Re1 Nxc3 14. bxc3 Nd7 15. Qc2 Bc4 16. Nb2 Ba6 17. Bd2 e5 18. f4 exf4 19. exf4 Re8 20. Nd3 Qb6 21. Rab1 Rxe1+ 22. Rxe1 Bc4 23. Bh3 Rd8 24. Bxd7 Bxd4+ 25. cxd4 Qxd4+ 26. Nf2 Qxd7 27. Qxc4 Qxd2 28. Rd1 Qa5 29. Rxd8+ Qxd8 30. Nd3 Qb6+ 31. Kg2 Qb1 32. Ne5 Qf5 33. g4 Qf6 34. g5 Qf5 35. Kg3 Kg7 36. Ng4 Qb1 37. Qd4+ Kf8 38. Qxa7 Qe1+ 39. Qf2 Qc3+ 40. Qe3 Qc4 41. Nf6 Kg7 42. Qe5 Qd3+ 43. Kh4 Qf3 44. Nd7+ Kg8 45. Qe8+ Kg7 46. Qf8# 1-0

[Event "Landesliga Nord 9899"]
[Site "Bayern"]
[Date "1999.01.17"]
[Round "4.8"]
[White "Riedel, Hartmut"]
[Black "Redzepovic, Irfan"]
[Result "1-0"]
[WhiteElo "2175"]
[BlackElo "2110"]
[PlyCount "71"]
[EventDate "1998.10.11"]
[EventType "team-tourn"]
[EventRounds "9"]
[EventCountry "GER"]
[SourceTitle "EXT 2020"]
[Source "ChessBase"]
[SourceDate "2019.10.17"]
[SourceVersion "1"]
[SourceVersionDate "2019.10.17"]
[SourceQuality "1"]
[WhiteTeam "Zirndorf"]
[BlackTeam "Nuernberg Sued SW"]
[WhiteTeamCountry "GER"]
[BlackTeamCountry "GER"]

1. d4 Nf6 2. Nf3 e6 3. g3 c5 4. c3 d5 5. Bg2 Be7 6. 0-0 0-0 7. Ne5 Nc6 8. f4 Qc7 9. e3 Ne8 10. Nd2 f6 11. Nd3 c4 12. Nf2 f5 13. Nf3 b5 14. Bd2 a5 15. Ne5 Nd6 16. Kh1 Rb8 17. g4 Nxe5 18. fxe5 Ne4 19. gxf5 exf5 20. Nh3 g5 21. Bxe4 fxe4 22. Rxf8+ Bxf8 23. Qh5 h6 24. Rf1 Bg7 25. Qe8+ Kh7 26. e6 Qd6 27. Nxg5+ hxg5 28. Qh5+ Kg8 29. Qf7+ Kh7 30. Rf6 Rb7 31. Qg6+ Kg8 32. Rf7 Qf8 33. Rxf8+ Kxf8 34. Qf5+ Ke7 35. Qxd5 Bf6 36. Qc5+ 1-0

[Event "Oberliga Bayern 9798"]
[Site "Bayern"]
[Date "1998.??.??"]
[Round "?.8"]
[White "Riedel, Hartmut"]
[Black "Hiermann, Dietmar"]
[Result "1-0"]
[WhiteElo "2170"]
[BlackElo "2245"]
[PlyCount "177"]
[EventDate "1997.10.??"]
[EventType "team-tourn"]
[EventRounds "9"]
[EventCountry "GER"]
[SourceTitle "EXT 2020"]
[Source "ChessBase"]
[SourceDate "2019.10.17"]
[SourceVersion "1"]
[SourceVersionDate "2019.10.17"]
[SourceQuality "1"]
[WhiteTeam "Zirndorf"]
[BlackTeam "Passau II"]
[WhiteTeamCountry "GER"]
[BlackTeamCountry "GER"]

1. d4 Nf6 2. g3 d5 3. Bg2 c6 4. Nf3 g6 5. 0-0 Bg7 6. c4 0-0 7. cxd5 Nxd5 8. Nc3 Be6 9. e4 Nxc3 10. bxc3 Bc4 11. Re1 Qa5 12. Qc2 Nd7 13. Nd2 Ba6 14. a4 c5 15. Nb3 Qc7 16. d5 c4 17. Nd4 Nc5 18. Ba3 Rfe8 19. Bxc5 Qxc5 20. Rad1 Rad8 21. Qd2 b6 22. Qe3 Bb7 23. Bh3 Qa5 24. Rc1 Qc5 25. Rb1 Bc8 26. Bxc8 Rxc8 27. Red1 Bxd4 28. Qxd4 Qxd4 29. Rxd4 Rc5 30. Rb4 Rec8 31. f4 f5 32. e5 Rd8 33. Rb5 Rxb5 34. axb5 Kf7 35. Kf2 Rc8 36. d6 Ke6 37. Ke3 Kd7 38. dxe7+ Kxe7 39. Rd5 Rc7 40. Kd4 Ke8 41. Rd6 Rc5 42. Rc6 Rxb5 43. Rc8+ Kd7 44. Rh8 Kc6 45. Rxh7 Rd5+ 46. Kxc4 b5+ 47. Kb3 a5 48. Kc2 Rc5 49. Rh8 Kc7 50. Kb3 Rc6 51. Rf8 Rc4 52. Rf6 a4+ 53. Kb2 Re4 54. Rxg6 Re2+ 55. Ka3 Rxh2 56. Kb4 Rb2+ 57. Kc5 a3 58. Rg7+ Kb8 59. Kb6 Kc8 60. e6 Kd8 61. Ra7 Rb3 62. Kc6 Rxc3+ 63. Kd6 Rd3+ 64. Ke5 b4 65. Kf6 Re3 66. Ra4 Re1 67. Rxb4 a2 68. e7+ Ke8 69. Rb8+ Kd7 70. Rd8+ Kc7 71. Ra8 Kd7 72. Ra7+ Ke8 73. Rxa2 Re6+ 74. Kxf5 Rxe7 75. Ra6 Kf7 76. g4 Kg7 77. g5 Rb7 78. Kg4 Rb8 79. f5 Rc8 80. Ra7+ Kg8 81. Kh5 Kh8 82. Kh6 Rf8 83. g6 Kg8 84. Kg5 Rb8 85. f6 Rf8 86. Kh6 Rxf6 87. Ra8+ Rf8 88. Rxf8+ Kxf8 89. Kh7 1-0

[Event "Landesliga Nord 9697"]
[Site "Bayern"]
[Date "1997.??.??"]
[Round "?"]
[White "Riedel, Hartmut"]
[Black "Eiber, Manfred"]
[Result "1/2-1/2"]
[WhiteElo "2180"]
[BlackElo "2145"]
[PlyCount "124"]
[EventDate "1996.10.??"]
[EventType "team-tourn"]
[EventRounds "9"]
[EventCountry "GER"]
[SourceTitle "EXT 2020"]
[Source "ChessBase"]
[SourceDate "2019.10.17"]
[SourceVersion "1"]
[SourceVersionDate "2019.10.17"]
[SourceQuality "1"]
[WhiteTeam "Zirndorf"]
[BlackTeam "Nuernberg Sued SW"]
[WhiteTeamCountry "GER"]
[BlackTeamCountry "GER"]

1. d4 d5 2. g3 Nf6 3. Bg2 Bf5 4. c4 c6 5. Nc3 e6 6. cxd5 exd5 7. Nf3 Nbd7 8. 0-0 Be7 9. Nh4 Be6 10. Qd3 Nb6 11. Nf5 Bxf5 12. Qxf5 Qd7 13. Qxd7+ Nfxd7 14. Rb1 f5 15. b4 Bf6 16. e3 a6 17. a4 Nc4 18. b5 axb5 19. axb5 Ndb6 20. Rd1 Ke7 21. Bf1 Rhd8 22. bxc6 bxc6 23. Bd2 Rdb8 24. Be1 Nd6 25. Rdc1 Nbc4 26. Rxb8 Rxb8 27. Ra1 Rb3 28. Na4 Ra3 29. Rxa3 Nxa3 30. Bb4 Nac4 31. Bxc4 dxc4 32. Nb6 Ke6 33. Bxd6 Kxd6 34. Nxc4+ Kd5 35. Nb6+ Ke6 36. Kf1 Bd8 37. Na4 Ba5 38. f3 Kd5 39. Ke2 Bc7 40. Kd3 g6 41. e4+ fxe4+ 42. fxe4+ Ke6 43. Ke3 Kf6 44. e5+ Kf5 45. Kf3 Ke6 46. Ke4 Bd8 47. g4 Bg5 48. Nc5+ Ke7 49. d5 cxd5+ 50. Kxd5 h5 51. h3 hxg4 52. hxg4 Bc1 53. e6 Ba3 54. Nd7 Bb4 55. Ne5 Kf6 56. Nf3 Bf8 57. Ne5 Be7 58. Nf7 Ba3 59. Nd6 Bb4 60. Ne4+ Ke7 61. g5 Ba3 62. Nf6 Bc1 1/2-1/2